000 00325nam a22001337a 4500
003 OSt
005 20170105103447.0
008 131204t xxu||||| |||| 00| 0 eng d
020 _a9781420039238
040 _cASAB
100 _aRafael Fernandez-Botran
_9397
245 _aAdvanced Methods in Cellular Immunology
942 _2ddc
_cBK
999 _c16668
_d16668